000 00357nam a2200145Ia 4500
005 20251222144632.0
008 251222s9999||||xx |||||||||||||| ||spa||
020 _a8485595157
082 _a821.912/E41
100 _aEliot, T.S.
245 0 _aLa Tierra Baldía. Un Epitafio para Occidente
250 _a1ra.ed.
264 _bEditorial Swan
942 _cLIB
999 _c16335
_d16335